000 00499nam a2200181Ia 4500
005 20250326124004.0
008 250326s9999 xx 000 0 und d
037 _aTextbook
040 _aFMSL
_beng
_cFMSL
041 _aeng
_2eng
084 _aX37 L8
_qFMSL
100 _aRoll E
_9280759
245 0 _aUses and abuses of economics and other essays
_cRoll E
260 _aLondon
_bLondon, Faber and Faber
_c1978
300 _a290p
942 _cTB
_hX37 L8
999 _c1271783
_d1271783